01325cam a2200361 i 450000100090000000300040000900500170001300800410003001000170007102000180008802500190010603700530012504000280017804200150020604300120022105000270023308200230026010000430028324500850032626400310041130000230044233600210046533700250048633800230051150400510053460000290058565000480061465000440066290600450070694200520075195201430080399900170094620916357OSt20230916153141.0190404s2018 ii b 001 0 eng  a 2019315726 a9789388292177 aI-E-2019315726 bLibrary of Congress -- New Delhi Overseas Office aDLCbengcDLCerdadDLC alcodeapcc aa-ii---00aDS485.G882bM6383 2018 a954.0533092bTHA/P aTharoor, Shashi d1956-eauthor.9177114aThe paradoxical prime minister :bNarendra Modi and his India /cShashi Tharoor. 1aNew Delhi :bAleph,c2018. a504 pages ;c23 cm atext2rdacontent aunmediated2rdamedia avolume2rdacarrier aIncludes bibliographical references and index.10aModì„, Narendra,d1950- 0aChief ministerszIndiazGujaratvBiography. 0aPoliticianszIndiazGujaratvBiography. a7bcbccorigoded4encipf20gy-gencatlg 2ddccBKh954.0533092iTHA/Pk954.0533092mTHA/P 00102ddc40708MISCELLANEOUSaMESbMEScENGd2023-09-16l0o954.0533092 THA/Pp42473r2023-09-16 15:32:47v799.00w2023-09-16yBKzGR8R1 c42191d42191